Những bài đồng dao và ca dao mới

保存先:
書誌詳細
フォーマット: 図書
言語:Undetermined
出版事項: Hà Nội Văn hóa Thông tin 2007
主題:
タグ: タグ追加
タグなし, このレコードへの初めてのタグを付けませんか!
Thư viện lưu trữ: Trung tâm Học liệu Trường Đại học Cần Thơ
LEADER 00537nam a2200181Ia 4500
001 CTU_126766
008 210402s9999 xx 000 0 und d
020 |c 12000 
082 |a 895.922133 
082 |b Nh556 
245 0 |a Những bài đồng dao và ca dao mới 
245 0 |c Thảo Ngọc sưu tầm và tuyển chọn 
260 |a Hà Nội 
260 |b Văn hóa Thông tin 
260 |c 2007 
650 |a Vietnamese poetry 
904 |i Nguyên 
980 |a Trung tâm Học liệu Trường Đại học Cần Thơ